000 00273nam a2200121Ia 4500
008 170620s9999 xx 000 0 und d
100 _aHANDA S S
245 0 _aTEXT BOOK OF PHARMACOGNOSY
260 _bVALLABH DELHI
260 _c2006
300 _a400
546 _aEnglish
690 _aPHARMACOGNOSY
999 _c30993
_d30993